000 00748nam a2200229Ia 4500
008 191130s2007##################000#0#eng##
020 _a9780198234166
022 _a87030976
040 _aACL
_cACL
082 _a306.6 JAM
100 _aJames, Wendy
245 _aThe listening ebony : moral knowledge, religion, and power among the Uduk of Sudan
_cWendy James
250 _aReprint
260 _aOxford
_bClarendon Press ; Oxford University Press
_c2007
300 _axv, 391 p., [13] p. of plates : ill. ; 23 cm
500 _aIncludes index. Bibliography: p. [375]-376
650 _aSudan - Religion
650 _aUduk (African people) - Religion
990 _a729af5f5ac10000c0ac191f1b31900cd
991 _a313716
999 _c56845
_d56845